| 000 | 01266nam a2200337 a 4500 | ||
|---|---|---|---|
| 005 | 20191224041604.0 | ||
| 008 | 140227t1999 ck ad fr|||| 00| 0 spa d | ||
| 020 | _a958953781 (Estudios en la amazonia Colombiana) | ||
| 020 | _a958936506x (Voumen XVI) | ||
| 040 |
_aCO-BoIAVH _cCO-BoIAVH |
||
| 041 | 0 | _aspa | |
| 044 | _ack | ||
| 090 |
_aRE _b00060 |
||
| 100 | 1 | _aLópez Rojas, Beatríz Elena | |
| 245 | 1 | 0 |
_aSistemas agroforestales tradicionales en el Guaviare : _bEvaluación biofísica y socioeconómica d algunos casos en el área de colonización |
| 246 | 1 | 1 | _aTraditional agroforestry systems in Guaviare |
| 260 |
_aBogotá : _bTropenbos Colombia , _cc1999. |
||
| 300 |
_a208 páginas : _bIlustraciones, mapas , cuadros ; _c24 x17 cm. |
||
| 490 | 0 |
_aEstudios en la amazonia Colombiana _v16 |
|
| 650 | 6 | _aSistemas agroforestales | |
| 650 | 6 | _aConocimiento tradicional | |
| 650 | 6 | _aAspectos socioeconómicos | |
| 650 | 6 | _aTenencia de tierras | |
| 650 | 6 | _aUso del suelo | |
| 650 | 6 | _aManejo de recursos | |
| 650 | 6 | _aBiodiversidad | |
| 650 | 6 | _aRecursos forestales | |
| 650 | 6 | _aAnálisis económico | |
| 700 | 1 | _aRincón Henao, Hernán Darío | |
| 942 |
_cLIBRO _2ddc |
||
| 999 |
_c1476 _d1476 |
||